| 000 | 00672nam a2200241Ia 4500 | ||
|---|---|---|---|
| 003 | OSt | ||
| 005 | 20221005115147.0 | ||
| 006 | a|||||r|||| 00| 0 | ||
| 007 | ta | ||
| 008 | 221004b |||||||| |||| 00| 0 eng d | ||
| 024 | _a42936 | ||
| 037 | _cTextual | ||
| 040 |
_aCRL _cCRL _beng |
||
| 041 |
_2eng _aeng |
||
| 082 | _aO142:3M21:14, 111H5 close sec | ||
| 100 | _aDostoevsky Fyodor | ||
| 245 | 0 | _aBrothers Karamazov tr by Contance Garnett | |
| 260 | _c1945 | ||
| 650 | _a ENGLISH LITERATURE | ||
| 650 | _aRUSSIAN LITERATURE | ||
| 942 |
_hO142:3M21:14, 111H5 close sec _cTEXL _2cc |
||
| 999 |
_c1033610 _d1033610 |
||